[Event "TUR-chT 1st League"]
[Site "Denizli"]
[Date "2023.07.10"]
[Round "3.35"]
[White "Ulus, Ekin"]
[Black "Yigit, Cansu"]
[Result "1-0"]
[WhiteElo "1545"]
[BlackElo "1328"]
[PlyCount "111"]
[EventDate "2023.07.09"]
[EventType "team-swiss"]
[EventRounds "9"]
[EventCountry "TUR"]
[SourceTitle "CBM 215 Extra"]
[Source "ChessBase"]
[SourceDate "2023.09.30"]
[SourceVersion "1"]
[SourceVersionDate "2023.09.30"]
[SourceQuality "1"]
[WhiteTeam "Mavisehir Altyapi"]
[BlackTeam "Besiktas Jimnastik"]
[WhiteTeamCountry "TUR"]
[BlackTeamCountry "TUR"]

1. e4 e6 2. d4 d5 3. Nc3 dxe4 4. Nxe4 Nd7 5. Nf3 Ngf6 6. Bd3 Be7 7. 0-0 0-0 8. c3 Nxe4 9. Bxe4 Nf6 10. Bc2 b6 11. Re1 Bb7 12. Bf4 Rc8 13. Qd3 c5 14. Be5 g6 15. Rad1 Ng4 16. Bf4 Bd6 17. Bg5 Qc7 18. h3 Bh2+ 19. Kf1 Nxf2 20. Kxf2 Qg3+ 21. Kf1 Bxf3 22. Qxf3 Qxg5 23. g3 Qxg3 24. Qxg3 Bxg3 25. Re3 Bf4 26. Rf3 Bg5 27. d5 exd5 28. Rxd5 Bc1 29. b3 Bb2 30. Rd7 Rcd8 31. Rxa7 Rd2 32. Be4 Re8 33. Bc6 Rd1+ 34. Kf2 Rd2+ 35. Kg3 Rf8 36. Bb5 f5 37. Bc4+ Kh8 38. Kh4 Rc2 39. Rd3 Bxc3 40. Rdd7 Bf6+ 41. Kg3 Be5+ 42. Kf3 Rc3+ 43. Bd3 Re8 44. Ke2 Bb8+ 45. Re7 Rxe7+ 46. Rxe7 Bd6 47. Re6 Bh2 48. Kd2 Rxd3+ 49. Kxd3 Kg7 50. Rxb6 g5 51. a4 g4 52. hxg4 fxg4 53. Ke2 h5 54. Kf1 h4 55. Kg2 h3+ 56. Kxh2 1-0

[Event "TUR-chT 1st League"]
[Site "Denizli"]
[Date "2023.07.09"]
[Round "1.55"]
[White "Djukic, Sandra"]
[Black "Yigit, Cansu"]
[Result "1-0"]
[WhiteElo "2118"]
[BlackElo "1328"]
[PlyCount "75"]
[EventDate "2023.07.09"]
[EventType "team-swiss"]
[EventRounds "9"]
[EventCountry "TUR"]
[SourceTitle "CBM 215 Extra"]
[Source "ChessBase"]
[SourceDate "2023.09.30"]
[SourceVersion "1"]
[SourceVersionDate "2023.09.30"]
[SourceQuality "1"]
[WhiteTeam "Olbia Satranc"]
[BlackTeam "Besiktas Jimnastik"]
[WhiteTeamCountry "TUR"]
[BlackTeamCountry "TUR"]

1. d4 d5 2. c4 c6 3. Nf3 Nf6 4. Nbd2 Bf5 5. Nh4 Bg6 6. Qb3 Qc7 7. Qg3 Qc8 8. Nxg6 hxg6 9. e3 Na6 10. Bd3 e6 11. a3 c5 12. cxd5 Nxd5 13. Bb5+ Kd8 14. e4 Ndc7 15. Bxa6 Nxa6 16. Nf3 cxd4 17. 0-0 Nc5 18. b4 Nxe4 19. Qe5 Nf6 20. Bg5 Be7 21. Rfd1 Ke8 22. Rac1 Qb8 23. Qxd4 Nd5 24. Qxg7 Rh5 25. Qg8+ Bf8 26. Rxd5 exd5 27. Re1+ Kd7 28. Qxf7+ Kc6 29. Qxg6+ Qd6 30. Nd4+ Kb6 31. Qxh5 Qc7 32. Qg6+ Bd6 33. Be7 a6 34. Bxd6 Qd7 35. Bb8+ Qc6 36. Nxc6 bxc6 37. Qe8 Kb5 38. Rc1 1-0